Jozefovi Ambrušovi

Podrobná bibliografia
Hlavný autor: Turčány, Viliam, 1928-2021 (Autor)
Médium: Článok
Jazyk:slovenčina
ISBN:80-89023-01-0
Predmet:
On-line prístup:http://www.snk.sk/images/Edicna_cinnost/Zborniky/Biograficke_studie/27/205.pdf

MARC

LEADER 00000nab a2200000 ar4500
001 vtls009940494
003 SK-MaSNL
005 20260303222109.0
008 210624c20000219xo |r|p|||||||100 b|slo
015 |a SNBRB2009/08  |2 snkbucl 
038 |a SNKBUCL 
040 |a SNKBUCL  |b slo  |c SNKBUCL  |e AACR2 
041 0 |a slo 
044 |a xo  |c SK 
080 |a 821.162.4-1  |2 2001 
100 1 |a Turčány, Viliam,  |d 1928-2021  |4 aut  |9 102025 
245 1 0 |a Jozefovi Ambrušovi  |c Viliam Turčány 
600 1 7 |a Ambruš, Jozef,  |d 1914-1993  |2 snkbucl  |9 107506 
655 7 |a dedikačná poézia  |2 snkbucl  |9 240053 
655 7 |a slovenská poézia  |2 snkbucl  |9 70444 
773 0 |t Biografické štúdie 27  |d Martin : Slovenská národná knižnica, 2000  |g S. 205  |z 80-89023-01-0 
852 |a SNK  |b KIS3GCP 
856 4 1 |u http://www.snk.sk/images/Edicna_cinnost/Zborniky/Biograficke_studie/27/205.pdf 
958 |a BX 
958 |a LX 
999 |c 2238245  |d 2240175